Madonna Number 1 Hits - Statistics

General Stats
  • This quiz has been taken 73 times
    48 since last reset
  • The average score is 7 of 12
Answer Stats
Year Song % Correct
1984 Like A Virgin
98%
1989 Like A Prayer
95%
1990 Vogue
88%
1986 Papa Don't Preach
70%
2000 Music
65%
1989 Express Yourself
44%
1987 Open Your Heart
42%
1991 Justify My Love
40%
1986 Live To Tell
37%
1995 Take A Bow
37%
1987 Who's That Girl
37%
1992 This Used To Be My Playground
28%
No matching quizzes found
Score Distribution
Percent of People with Each Score
Percentile by Number Answered
Your Score History
You have not taken this quiz since the last reset